Domaci izvodjaci i njihove pesme - Statistics

General Stats
  • This quiz has been taken 259 times
  • The average score is 19 of 34
Answer Stats
Pesma Izvodjac % Correct
Moje Zlato Milica Todorovic
88%
Kralj izgubljenih stvari Sasa Matic
81%
Snovi od stakla Nedeljko Bajic Baja
80%
Okus mentola Jelena Rozga
77%
Oprostajna vecera Ceca
76%
Totalna anestezija Aleksandra Prijovic
74%
Sledeca Dejan Matic
70%
Dijabolik Aca Lukas
68%
Orposti mojoj mladosti Nikola Rokvic
67%
Nepopravljivo Milan Stankovic
66%
Mogla sam Milica Pavlovic
66%
Voleo si skota Goca Trzan
64%
Lapsus Sasa Kovacevic
62%
Evropa Stoja
62%
Bas steta Zeljko Samardzic
62%
Pametna i luda Marija Serifovic
61%
Dodjes mi u san Pedja Medenica
61%
Ramdagadam Marko Mandic
60%
Nisam ni metar od tebe Dragana Mirkovic
59%
Majko sve ti oprastam Saban Saulic
58%
Ne pitaj Aco Pejovic
56%
Ostavi mi drugove Jana
55%
I kad me svi zaborave Marinko Rokvic
54%
Prekasno Amar Gile
45%
Nije za nju Oliver Mandic
45%
PSH PSH Elena Kitic
44%
Natalna Breskvica
39%
Petak na subotu Zeljko Joksimovic
38%
Opet bih do dna Sinan Sakic
37%
Lazu te Amadeus band
34%
Ako ti je do mene Tropico band
27%
Iskreno Vlado Georgiev
27%
Soba zablude Tanja Savic
25%
Jos jedan stepenik Tose Proeski
10%
No matching quizzes found
Score Distribution
Percent of People with Each Score
Percentile by Number Answered
Your Score History
You have not taken this quiz